[Event "URU-ch sfin B"]
[Site "Club Modelo"]
[Date "2003.04.26"]
[Round "2"]
[White "Garcia, Luis E"]
[Black "Carvalho, Guillermo"]
[Result "0-1"]
[WhiteElo "2205"]
[BlackElo "2371"]
[PlyCount "82"]
[EventDate "2003.04.25"]
[EventType "tourn"]
[EventRounds "5"]
[EventCountry "URU"]
[Source "Fruth,M"]
[SourceDate "2003.05.15"]

1. d4 d5 2. c4 e6 3. Nc3 c5 4. cxd5 cxd4 5. Qa4+ Bd7 6. Qxd4 exd5 7. Qxd5 Nc6
8. Nf3 Nf6 9. Qd1 Bc5 10. e3 Qe7 11. Be2 O-O-O 12. O-O g5 13. a3 g4 14. Nd4 h5
15. b4 Bb6 16. b5 Na5 17. Qc2 Kb8 18. Rd1 h4 19. Bf1 Rc8 20. Qd3 Qe5 21. Nce2
Nc4 22. Ra2 Rhd8 23. Qb3 Ne4 24. Nf4 Na5 25. Qxf7 g3 26. Nf3 gxf2+ 27. Kh1 Qc5
28. Nd5 Qxc1 29. Rxc1 Rxc1 30. Rxf2 Nxf2+ 31. Kg1 Bxb5 32. Nd2 Nd3 33. Nxb6
axb6 34. Qf5 Nc5 35. Qe5+ Ka7 36. Qb2 Ncb3 37. Qxc1 Nxc1 38. Bxb5 Rxd2 39. Kf1
Rb2 40. a4 Nc6 41. e4 Na5 0-1

[Event "EU-ch 4"]
[Site "Istanbul"]
[Date "2003.06.08"]
[Round "9"]
[White "Erdogan, Hakan"]
[Black "Bayram, Yakup"]
[Result "0-1"]
[WhiteElo "2239"]
[BlackElo "2296"]
[PlyCount "90"]
[EventDate "2003.05.30"]
[EventType "swiss"]
[EventRounds "13"]
[EventCountry "TUR"]
[Source "Fruth,M"]
[SourceDate "2003.05.15"]

1. d4 d5 2. c4 e6 3. Nc3 c5 4. cxd5 cxd4 5. Qxd4 Nc6 6. Qd1 exd5 7. Qxd5 Bd7 8.
Nf3 Nf6 9. Qd1 Bc5 10. e3 Qe7 11. a3 O-O-O 12. Qc2 Kb8 13. Be2 g5 14. O-O g4
15. Nh4 Rhg8 16. b4 Bb6 17. g3 Ne5 18. Bb2 Rc8 19. Rfd1 Bc6 20. Qf5 Bc7 21. b5
Bd7 22. Qb1 Be6 23. b6 Bxb6 24. Na4 Bc7 25. Ba6 Bd5 26. Bc3 Be4 27. Qb2 Ka8 28.
Be2 Bb8 29. Rd4 Bc6 30. Bb4 Qe6 31. Nc5 Qe8 32. Rad1 h5 33. Rf4 Nh7 34. Ne4 Ng6
35. Nf6 Nxf6 36. Nxg6 Rxg6 37. Rxf6 Rxf6 38. Qxf6 Qe4 39. f3 Qxe3+ 40. Kf1 gxf3
41. Bd3 a5 42. Qe7 Qd4 43. Qc5 Qb2 44. Bd2 Ba7 45. Qc3 Qb6 0-1

[Event "Lido degli Estensi op 4"]
[Site "Lido degli Estensi"]
[Date "2003.06.13"]
[Round "7"]
[White "Golod, Vitali"]
[Black "Manca, Federico"]
[Result "1-0"]
[WhiteElo "2538"]
[BlackElo "2350"]
[PlyCount "102"]
[EventDate "2003.06.06"]
[EventType "swiss"]
[EventRounds "9"]
[EventCountry "ITA"]
[Source "Fruth,M"]
[SourceDate "2003.05.15"]

1. c4 e6 2. d4 d5 3. Nc3 c5 4. cxd5 cxd4 5. Qa4+ Bd7 6. Qxd4 exd5 7. Qxd5 Nc6
8. Nf3 Nf6 9. Qd1 Bc5 10. e3 Qe7 11. a3 O-O-O 12. b4 Bg4 13. Bd2 Bd4 14. Qc2
Bxf3 15. gxf3 Kb8 16. Be2 Bxc3 17. Bxc3 Nd5 18. b5 Rc8 19. Bxg7 Nxe3 20. Qe4
Qxe4 21. fxe4 Nc2+ 22. Kf1 Rhg8 23. bxc6 Rxg7 24. cxb7 Kxb7 25. Rb1+ Ka8 26. e5
Rc3 27. Rg1 Rxg1+ 28. Kxg1 Nxa3 29. Rb4 a5 30. Ra4 Kb7 31. Rxa5 Kb6 32. Ra6+
Kc5 33. Ra7 Kd4 34. Rxf7 Kxe5 35. Rxh7 Nc2 36. Re7+ Kf4 37. Rd7 Ra3 38. Rd1 Ke5
39. Kg2 Ra2 40. Kf1 Nd4 41. Bg4 Nb5 42. Rd3 Nd6 43. Re3+ Kf4 44. h3 Ne4 45. Be2
Rc2 46. Rf3+ Ke5 47. Rf8 Rc1+ 48. Kg2 Rc2 49. Kf3 Ng5+ 50. Kg4 Ne4 51. f4+ Ke6
{It's last mistake in a hopeless position.} 1-0

[Event "World op 31"]
[Site "Philadelphia"]
[Date "2003.07.06"]
[Round "8"]
[White "Sarkar, Justin"]
[Black "Sinn, M Robert"]
[Result "0-1"]
[WhiteElo "2389"]
[BlackElo "2162"]
[PlyCount "49"]
[EventDate "2003.06.30"]
[EventType "swiss"]
[EventRounds "9"]
[EventCountry "USA"]
[Source "Fruth,M"]
[SourceDate "2003.05.15"]

1. d4 d5 2. c4 e6 3. Nc3 c5 4. cxd5 cxd4 5. Qa4+ Bd7 6. Qxd4 exd5 7. Qxd5 Nc6
8. Bg5 Nf6 9. Qd2 Bb4 10. O-O-O O-O 11. e3 h6 12. Bh4 g5 13. Bg3 Qa5 14. Bd3
Bxc3 15. bxc3 Rac8 16. Kb1 Rfd8 17. Ne2 Bf5 18. Nd4 Nxd4 19. cxd4 Bxd3+ 20.
Qxd3 Nd5 21. Qd2 Nc3+ 22. Ka1 Nxd1 23. Qxd1 Qf5 24. Kb2 Rd5 25. Ka1 0-1

[Event "Russian Cup Stage 1"]
[Site "Tomsk"]
[Date "2003.07.07"]
[Round "4"]
[White "Keosidi, Konstantin"]
[Black "Zavalishin, Mikhail"]
[Result "1-0"]
[WhiteElo "2219"]
[BlackElo "2162"]
[PlyCount "83"]
[EventDate "2003.07.04"]
[EventType "swiss"]
[EventRounds "9"]
[EventCountry "RUS"]
[Source "Fruth,M"]
[SourceDate "2003.05.15"]

1. d4 d5 2. c4 e6 3. Nc3 c5 4. cxd5 cxd4 5. Qxd4 Nc6 6. Qd1 exd5 7. e3 Nf6 8.
Nf3 Bc5 9. Be2 O-O 10. O-O Be6 11. a3 a5 12. Nb5 Qb6 13. b3 Ne4 14. Bb2 Be7 15.
Rc1 Bf6 16. Bxf6 Nxf6 17. Qc2 Rac8 18. Qb2 Rfe8 19. Rfd1 Bg4 20. Nfd4 Bxe2 21.
Qxe2 Nxd4 22. Nxd4 h6 23. h3 Rc5 24. Qd3 Rec8 25. Rxc5 Qxc5 26. Qf5 Re8 27. a4
Kf8 28. g4 Qc8 29. Qf4 Qc5 30. Kg2 Rc8 31. Nf5 Ne4 32. Qe5 Nf6 33. Nxg7 Kxg7
34. g5 hxg5 35. Qxg5+ Kf8 36. Qxf6 Rc6 37. Qh8+ Ke7 38. Qe5+ Kf8 39. Rxd5 Rg6+
40. Kh2 Qc8 41. Qh8+ Rg8 42. Qf6 1-0

[Event "GBR-ch op"]
[Site "Edinburgh"]
[Date "2003.07.18"]
[Round "5"]
[White "Nixon, Thomas CM"]
[Black "Simmons, Mat"]
[Result "1-0"]
[WhiteElo "2226"]
[BlackElo "2176"]
[PlyCount "125"]
[EventDate "2003.07.14"]
[EventType "swiss"]
[EventRounds "11"]
[EventCountry "SCO"]
[Source "Fruth,M"]
[SourceDate "2003.05.15"]

1. d4 d5 2. c4 e6 3. Nc3 c5 4. cxd5 cxd4 5. Qxd4 Nc6 6. Qd1 exd5 7. Qxd5 Be6 8.
Qxd8+ Rxd8 9. Bd2 Bc5 10. e3 Nf6 11. Nf3 O-O 12. Be2 Rd7 13. O-O Rfd8 14. Rfd1
Bb4 15. a3 Be7 16. Be1 Bb3 17. Rxd7 Rxd7 18. Nd2 Be6 19. Rd1 Ne5 20. Nf3 Rxd1
21. Nxd1 Ned7 22. Nd4 Bg4 23. f3 Bh5 24. Kf1 Nd5 25. Bd2 Bd6 26. g3 a6 27. e4
Nc7 28. f4 Bxe2+ 29. Kxe2 g6 30. Bc3 h5 31. Kf3 f6 32. Ne3 Kf7 33. Nc4 Bc5 34.
h4 b5 35. Ne3 a5 36. Nb3 b4 37. axb4 axb4 38. Be1 Be7 39. Nc2 Na6 40. Nbd4 Bd6
41. Ke3 Bc5 42. Kd3 Be7 43. b3 Ndc5+ 44. Ke3 Nb7 45. Nc6 Bc5+ 46. Kd3 Bb6 47.
Kc4 Nd6+ 48. Kd5 Nb5 49. N6xb4 Nb8 50. Kc4 Nd6+ 51. Kd5 Nb7 52. Nc6 Na6 53.
N6d4 Nb8 54. b4 Nd8 55. b5 Nb7 56. Bb4 Bd8 57. Nc6 Bc7 58. Nxb8 Bxb8 59. Kc6
Nd8+ 60. Kd7 Ne6 61. b6 g5 62. Bd6 gxh4 63. gxh4 1-0

[Event "GBR-ch op"]
[Site "Edinburgh"]
[Date "2003.07.22"]
[Round "8"]
[White "Guthrie, David"]
[Black "Simmons, Mat"]
[Result "1-0"]
[WhiteElo "2183"]
[BlackElo "2176"]
[PlyCount "135"]
[EventDate "2003.07.14"]
[EventType "swiss"]
[EventRounds "11"]
[EventCountry "SCO"]
[Source "Fruth,M"]
[SourceDate "2003.05.15"]

1. d4 d5 2. c4 e6 3. Nc3 c5 4. cxd5 cxd4 5. Qa4+ Bd7 6. Qxd4 exd5 7. Qxd5 Nc6
8. Nf3 Nf6 9. Qd1 Bc5 10. e3 Qe7 11. Be2 O-O-O 12. O-O g5 13. b4 Nxb4 14. Bb2
g4 15. Nd4 h5 16. Qb3 h4 17. Rfc1 g3 18. Qxb4 gxh2+ 19. Kh1 Bxb4 20. Nd5+ Kb8
21. Nxe7 Bxe7 22. Kxh2 Rhg8 23. Rh1 Rg7 24. Kg1 Rdg8 25. Bf3 Bg4 26. Rxh4 Bxf3
27. Nxf3 Rxg2+ 28. Kf1 Ne8 29. Rh7 Bc5 30. Rxf7 R2g4 31. Rd1 Nd6 32. Be5 Rd8
33. Rf6 Kc7 34. Nd4 Bxd4 35. Rxd4 Rxd4 36. exd4 Kc6 37. f4 b5 38. Ke2 a5 39.
Kd3 Kd5 40. Bxd6 Rh8 41. Rf5+ Kc6 42. Rc5+ Kxd6 43. Rxb5 Rh3+ 44. Ke4 Ra3 45.
Rb6+ Ke7 46. Rb2 Rh3 47. f5 Rh4+ 48. Ke5 Rh1 49. Rb7+ Ke8 50. Ra7 Re1+ 51. Kf6
Rd1 52. Ke6 Re1+ 53. Kd6 Rd1 54. d5 Rf1 55. Rxa5 Kf7 56. Ra7+ Kf6 57. Ra8 Kf7
58. Ra7+ Kf6 59. Kd7 Rxf5 60. d6 Rc5 61. a4 Rh5 62. Kc8 Rh8+ 63. Kc7 Rh1 64.
Ra6 Rc1+ 65. Rc6 Rd1 66. a5 Kf7 67. a6 Rd5 68. a7 1-0

[Event "Ceska Pojistovna Cup IT"]
[Site "Olomouc"]
[Date "2003.08.05"]
[Round "7"]
[White "Wiley, Tom E"]
[Black "Pisk, Petr"]
[Result "1/2-1/2"]
[WhiteElo "2328"]
[BlackElo "2347"]
[PlyCount "92"]
[EventDate "2003.07.30"]
[EventType "tourn"]
[EventRounds "9"]
[EventCountry "CZE"]
[EventCategory "3"]
[Source "Fruth,M"]
[SourceDate "2003.05.15"]

1. d4 d5 2. c4 e6 3. Nc3 c5 4. cxd5 cxd4 5. Qa4+ Bd7 6. Qxd4 exd5 7. Qxd5 Nc6
8. Nf3 Nf6 9. Qd1 Bc5 10. e3 Qe7 11. Be2 O-O-O 12. O-O g5 13. b4 Bxb4 14. Qb3
Rhg8 15. Rb1 Bf5 16. Rb2 Kb8 17. Nd4 Nxd4 18. exd4 Bxc3 19. Qxc3 Be4 20. Bf3
Nd5 21. Qb3 Bxf3 22. Qxf3 f6 23. Bd2 Rge8 24. Rfb1 Rd7 25. h3 Qd6 26. Rb5 Ree7
27. Bb4 Nxb4 28. R5xb4 Rc7 29. a4 a5 30. Rb5 Qxd4 31. Rxa5 Rc3 32. Qf5 Rd3 33.
Rc5 Rd1+ 34. Rxd1 Qxd1+ 35. Kh2 Qd6+ 36. g3 Rd7 37. a5 h5 38. Kg2 Ka7 39. Qc2
h4 40. gxh4 Qd4 41. Qf5 Rd6 42. Rb5 Rc6 43. Rd5 Qc3 44. Rb5 Qd4 45. Rd5 Qc3 46.
Rb5 Qd4 1/2-1/2

[Event "Stork Young Masters IT"]
[Site "Hengelo"]
[Date "2003.08.06"]
[Round "4"]
[White "Seifert, Volker"]
[Black "Lahaye, Rick"]
[Result "0-1"]
[WhiteElo "2371"]
[BlackElo "2273"]
[PlyCount "52"]
[EventDate "2003.08.04"]
[EventType "tourn"]
[EventRounds "9"]
[EventCountry "NED"]
[EventCategory "5"]
[Source "Fruth,M"]
[SourceDate "2003.05.15"]

1. d4 d5 2. c4 e6 3. Nc3 c5 4. cxd5 cxd4 5. Qxd4 Nc6 6. Qd1 exd5 7. Qxd5 Bd7 8.
Nf3 Nf6 9. Qd1 Bc5 10. e3 Qe7 11. Be2 O-O-O 12. O-O g5 13. Qc2 Kb8 14. a3 h5
15. b4 Bd6 16. Nb5 g4 17. Nh4 Be5 18. Bb2 Rc8 19. Qb3 Ne4 20. Bxe5+ Nxe5 21. g3
Bxb5 22. Bxb5 Nd2 23. Qb2 Nef3+ 24. Nxf3 Nxf3+ 25. Kh1 Qe4 26. Qb1 Rc2 {
en wit gaf op.} 0-1

[Event "SCG-ch TT 1st League"]
[Site "Budva"]
[Date "2003.08.29"]
[Round "1"]
[White "Aleksandrov, Aleksej"]
[Black "Marjanovic, Slavoljub"]
[Result "1-0"]
[WhiteElo "2659"]
[BlackElo "2511"]
[PlyCount "103"]
[EventDate "2003.08.29"]
[EventType "team"]
[EventRounds "11"]
[EventCountry "YUG"]
[Source "Fruth,M"]
[SourceDate "2003.05.15"]

1. d4 d5 2. c4 e6 3. Nc3 c5 4. cxd5 cxd4 5. Qa4+ Bd7 6. Qxd4 exd5 7. Qxd5 Nc6
8. Nf3 Nf6 9. Qd1 Bc5 10. e3 Qe7 11. a3 O-O-O 12. Qc2 Kb8 13. Bd2 Rc8 14. Be2
g5 15. Nxg5 Rhg8 16. Nge4 Bf5 17. Bd3 Ne5 18. Nxc5 Nxd3+ 19. Nxd3 Rgd8 20. Qa4
Bxd3 21. Qf4+ Ka8 22. f3 Rc4 23. Qh6 Rg8 24. Qh3 Qc5 25. Rd1 h5 26. g3 Qb6 27.
Bc1 Bc2 28. Kf2 Bxd1 29. Rxd1 Qb3 30. Qf1 Rc6 31. Qd3 a6 32. e4 Qe6 33. h4 Qh3
34. Rg1 Nd7 35. Be3 Nc5 36. Qd4 b6 37. Qd5 Rgc8 38. Bxc5 bxc5 39. Qxf7 Rd8 40.
Nd5 Rb8 41. Qg7 c4 42. Qc3 Qh2+ 43. Rg2 Qh1 44. b4 Qb1 45. Rg1 Qa2+ 46. Ke3 Qh2
47. Qe1 c3 48. Qf2 Qh3 49. Rc1 Rg8 50. Ne7 Rxg3 51. Nxc6 Qxh4 52. Kd3 1-0

[Event "St.Petersburg 300 jub op"]
[Site "St.Petersburg"]
[Date "2003.10.24"]
[Round "7"]
[White "Smirnov, Artem"]
[Black "Vorobiev, Denis"]
[Result "1-0"]
[WhiteElo "2358"]
[BlackElo "2179"]
[PlyCount "75"]
[EventDate "2003.10.18"]
[EventType "swiss"]
[EventRounds "9"]
[EventCountry "RUS"]
[Source "Fruth,M"]
[SourceDate "2003.05.15"]

1. d4 d5 2. c4 e6 3. Nc3 c5 4. cxd5 cxd4 5. Qa4+ b5 6. Nxb5 Bd7 7. d6 Bxb5 8.
Qxb5+ Qd7 9. Qxd7+ Nxd7 10. Nf3 e5 11. e3 dxe3 12. Bxe3 Bxd6 13. O-O-O Rc8+ 14.
Kb1 Bb8 15. Bb5 Ngf6 16. Bg5 Rc5 17. Ba4 Ra5 18. b3 Nd5 19. Rc1 N5b6 20. Rhd1
Rxa4 21. bxa4 f6 22. a5 fxg5 23. axb6 Nxb6 24. Nxg5 Ke7 25. Rc6 Rc8 26. Rxc8
Nxc8 27. Nxh7 Nd6 28. Ng5 Bc7 29. f3 Bb6 30. Ne4 Nc4 31. Rd3 Ke6 32. g4 Bd4 33.
h4 a5 34. Rb3 Kf7 35. Rb7+ Kg6 36. h5+ Kh6 37. Rb8 g5 38. Rg8 1-0

[Event "BL2-N 8788"]
[Site "Germany"]
[Date "1988.??.??"]
[Round "?.2"]
[White "Borik, Otto"]
[Black "Dankert, Peter"]
[Result "1-0"]
[WhiteElo "2350"]
[BlackElo "2255"]
[PlyCount "99"]
[EventDate "1987.10.??"]
[EventType "team"]
[EventRounds "9"]
[EventCountry "GER"]
[Source "ChessBase"]
[SourceDate "1999.07.01"]
[WhiteTeam "Delmenhorst"]
[BlackTeam "Hamburger SG BUE"]
[WhiteTeamCountry "GER"]
[BlackTeamCountry "GER"]

1. d4 d5 2. c4 e6 3. Nc3 c5 4. cxd5 cxd4 5. Qa4+ Bd7 6. Qxd4 exd5 7. Qxd5 Nc6
8. Nf3 Nf6 9. Qd1 Bc5 10. e3 Qe7 11. Bd2 O-O 12. Be2 Rfd8 13. O-O a6 14. a3 Bf5
15. Qe1 Rd7 16. Rc1 Rad8 17. Na4 Ba7 18. Bb4 Nxb4 19. Qxb4 Qe8 20. Nc5 Nd5 21.
Qb3 Rd6 22. Nd4 Bc8 23. Bf3 Nf6 24. Qc2 h5 25. h3 Nd5 26. Rfe1 Qe5 27. Qe4 Qg5
28. h4 Qf6 29. Bxh5 g6 30. Bg4 Bxc5 31. Bxc8 Bxd4 32. Qxd4 Qxd4 33. exd4 Nf4
34. Rc3 Rxd4 35. Bxb7 Rd1 36. Rce3 R8d2 37. Bxa6 Rxe1+ 38. Rxe1 Rxb2 39. g3
Nh3+ 40. Kg2 Nxf2 41. Re2 Rxe2 42. Bxe2 Ne4 43. a4 Nd6 44. a5 Kf8 45. a6 Nc8
46. Kf3 Ke7 47. Bc4 f6 48. g4 g5 49. h5 Na7 50. h6 1-0

[Event "Delmenhorst"]
[Site "Delmenhorst"]
[Date "1988.??.??"]
[Round "?"]
[White "Sapi, Laszlo"]
[Black "Hermann, Manfred"]
[Result "0-1"]
[WhiteElo "2370"]
[BlackElo "2385"]
[PlyCount "122"]
[EventDate "1988.??.??"]
[EventType "tourn"]
[EventRounds "9"]
[EventCountry "GER"]
[EventCategory "4"]
[Source "ChessBase"]

1. d4 d5 2. c4 e6 3. Nc3 c5 4. cxd5 cxd4 5. Qa4+ Bd7 6. Qxd4 exd5 7. Nf3 Nc6 8.
Qd1 Bb4 9. e3 Nf6 10. Bd2 O-O 11. Be2 Rc8 12. O-O Qe7 13. Nb5 Bc5 14. Bc3 Be6
15. Rc1 Ne4 16. Nbd4 Nxc3 17. Rxc3 Bb4 18. Rc1 Bd6 19. Nxe6 fxe6 20. Qa4 a6 21.
Qg4 Rf6 22. Nd4 Rg6 23. Nxc6 bxc6 24. Qa4 c5 25. f4 c4 26. Rf3 Qa7 27. Kh1 Rf6
28. Qc2 Qb6 29. b3 Ba3 30. Rb1 c3 31. Bd3 g6 32. Qe2 Qc7 33. Bc2 a5 34. Qd3 Bd6
35. h4 Kh8 36. Rh3 Rg8 37. Qd4 e5 38. fxe5 Bxe5 39. Qxd5 Rf2 40. Qd3 Rgf8 41.
h5 g5 42. h6 Qb7 43. Rg1 Rd2 44. Qe4 Qxe4 45. Bxe4 c2 46. Rh5 Rf6 47. Bxc2 Rxc2
48. Rd1 Rd6 49. Rf1 Rf2 50. Rc1 Rc6 51. Rd1 Bf6 52. a4 Kg8 53. Rd5 Kf7 54. Rxa5
Kg6 55. Rh3 Bd8 56. Kg1 Rb2 57. Ra7 Rc1+ 58. Kh2 Bc7+ 59. Rg3 Rh1+ 60. Kxh1
Bxg3 61. Ra6+ Kh5 0-1

[Event "Saint John op-1"]
[Site "Saint John"]
[Date "1988.??.??"]
[Round "?"]
[White "Taylor, Gordon"]
[Black "Vidarsson, Jon G"]
[Result "1/2-1/2"]
[WhiteElo "2335"]
[BlackElo "2305"]
[PlyCount "54"]
[EventDate "1988.01.??"]
[EventType "swiss"]
[EventRounds "9"]
[EventCountry "CAN"]
[Source "ChessBase"]
[SourceDate "2004.01.01"]

1. d4 d5 2. c4 e6 3. Nc3 c5 4. cxd5 cxd4 5. Qa4+ Bd7 6. Qxd4 exd5 7. Qxd5 Nc6
8. Nf3 Nf6 9. Qd1 Bc5 10. e3 Qe7 11. Be2 O-O-O 12. O-O g5 13. a3 Rhg8 14. b4 g4
15. Nd4 Bb6 16. Bb2 g3 17. hxg3 Rxg3 18. Bf3 Rdg8 19. Nce2 Bxd4 20. Nxg3 Bxb2
21. b5 Bxa1 22. bxc6 Bxc6 23. Bxc6 bxc6 24. Qxa1 Rxg3 25. fxg3 Qxe3+ 26. Kh1
Qh6+ 27. Kg1 Qe3+ 1/2-1/2

[Event "AUT-chT"]
[Site "Austria"]
[Date "1989.??.??"]
[Round "?"]
[White "Schuh, Franz"]
[Black "Weinzettl, Ernst"]
[Result "0-1"]
[WhiteElo "2295"]
[BlackElo "2265"]
[PlyCount "54"]
[EventDate "1989.??.??"]
[EventType "team"]
[EventRounds "11"]
[EventCountry "AUT"]
[Source "ChessBase"]

1. d4 d5 2. c4 e6 3. Nc3 c5 4. cxd5 cxd4 5. Qxd4 Nc6 6. Qd1 exd5 7. Qxd5 Bd7 8.
Nf3 Nf6 9. Qd1 Bc5 10. e3 Qe7 11. Be2 O-O-O 12. O-O g5 13. a3 g4 14. Nd4 Qe5
15. Ncb5 a6 16. b4 Bb6 17. a4 axb5 18. axb5 Nxd4 19. exd4 Bxd4 20. Ra8+ Kc7 21.
Qc2+ Kb6 22. Rxd8 Rxd8 23. Qa4 Kc7 24. Bd2 Nd5 25. Bd3 Re8 26. Bxh7 f5 27. Bg6
Rh8 0-1

[Event "Wch U20"]
[Site "Tunja"]
[Date "1989.??.??"]
[Round "9"]
[White "Boissonet, Carlos P"]
[Black "Brandner, Stefan"]
[Result "1-0"]
[WhiteElo "2340"]
[BlackElo "2305"]
[PlyCount "71"]
[EventDate "1989.08.??"]
[EventType "swiss"]
[EventRounds "13"]
[EventCountry "COL"]
[Source "ChessBase"]

1. d4 d5 2. c4 e6 3. Nc3 c5 4. cxd5 cxd4 5. Qa4+ Bd7 6. Qxd4 exd5 7. Qxd5 Nc6
8. Nf3 Nf6 9. Qd1 Bc5 10. e3 Qe7 11. Bd2 O-O-O 12. a3 g5 13. h3 Rhg8 14. Qc2
Kb8 15. Rc1 g4 16. hxg4 Bxg4 17. Be2 h5 18. b4 Bb6 19. b5 Bxf3 20. gxf3 Ne5 21.
Na4 Nd5 22. Qe4 Qd6 23. Nxb6 axb6 24. Rd1 Qc7 25. Rc1 Qd6 26. Rd1 Qc7 27. f4
Ng6 28. Qc4 Qe7 29. Bc1 Nf6 30. Rxd8+ Rxd8 31. Bb2 Ne4 32. Rxh5 Nd2 33. Qb4 Qc7
34. Qc3 Qd7 35. f5 Qd5 36. Qd4 1-0

[Event "NRW-Liga II 9192"]
[Site "Germany"]
[Date "1991.??.??"]
[Round "?.6"]
[White "Stratmann, Burkhard"]
[Black "Huelsmann, Josef"]
[Result "1/2-1/2"]
[WhiteElo "2220"]
[BlackElo "2225"]
[PlyCount "88"]
[EventDate "1992.10.??"]
[EventType "team"]
[EventRounds "11"]
[EventCountry "GER"]
[Source "ChessBase"]
[WhiteTeam "Neheim"]
[BlackTeam "Monheim"]
[WhiteTeamCountry "GER"]
[BlackTeamCountry "GER"]

1. d4 e6 2. c4 d5 3. Nc3 c5 4. cxd5 cxd4 5. Qxd4 Nc6 6. Qd1 exd5 7. Qxd5 Bd7 8.
Nf3 Nf6 9. Qd1 Bc5 10. e3 Qe7 11. Be2 O-O-O 12. O-O g5 13. b4 Bxb4 14. Bb2 Rhg8
15. Rc1 Kb8 16. Nd5 Nxd5 17. Qxd5 g4 18. Ne5 Rg5 19. Nxd7+ Rxd7 20. Qc4 Rd2 21.
Rc2 Rd8 22. Rfc1 Rdg8 23. Qb3 Ka8 24. Bd4 Bd6 25. Bb2 Bxh2+ 26. Kf1 Bb8 27.
Rxc6 bxc6 28. Rxc6 Qb7 29. Qc2 R5g6 30. Bf6 Rh6 31. Ba6 Rh1+ 32. Ke2 Qb4 33.
Bc3 Qb1 34. Qxb1 Rxb1 35. Bd3 Kb7 36. Be4 f5 37. Rg6+ fxe4 38. Rxg8 h5 39. Re8
Rc1 40. Kd2 Rg1 41. g3 Rf1 42. Ke2 Rc1 43. Kd2 Rf1 44. Ke2 Rc1 1/2-1/2

[Event "EU-chT U18"]
[Site "Balatonlelle"]
[Date "2000.07.14"]
[Round "6"]
[White "Pataki, Gyozo"]
[Black "Sedlak, Nikola"]
[Result "1-0"]
[WhiteElo "2294"]
[BlackElo "2423"]
[PlyCount "57"]
[EventDate "2000.07.09"]
[EventType "team"]
[EventRounds "7"]
[EventCountry "HUN"]
[Source "ChessBase"]
[SourceDate "2000.09.14"]

1. d4 d5 2. c4 e6 3. Nc3 c5 4. cxd5 cxd4 5. Qa4+ Bd7 6. Qxd4 exd5 7. Nf3 Nc6 8.
Qxd5 Nf6 9. Qd1 Bc5 10. e3 Qe7 11. Be2 O-O-O 12. Bd2 g5 13. Rc1 g4 14. Nd4 Kb8
15. O-O Ne5 16. b4 Bd6 17. Ncb5 Bxb5 18. Nxb5 Ne4 19. Qa4 a6 20. Nxd6 Nxd2 21.
Nxb7 Qxb7 22. Bxa6 Qd7 23. Qa5 Nef3+ 24. Kh1 Nxf1 25. gxf3 Nxe3 26. Qb6+ Ka8
27. Qxe3 gxf3 28. Qxf3+ Qd5 29. Rc8+ 1-0

[Event "Savaria op 2nd"]
[Site "Savaria"]
[Date "2002.07.27"]
[Round "3"]
[White "Bodo, Norbert"]
[Black "Szollosi, Laszlo Jr"]
[Result "1/2-1/2"]
[WhiteElo "2356"]
[BlackElo "2231"]
[PlyCount "72"]
[EventDate "2002.07.26"]
[EventType "swiss"]
[EventRounds "9"]
[EventCountry "HUN"]
[Source "ChessBase"]
[SourceDate "2002.09.10"]

1. c4 e6 2. Nc3 d5 3. d4 c5 4. cxd5 cxd4 5. Qxd4 Nc6 6. Qa4 exd5 7. e3 Nf6 8.
Nf3 Bd7 9. Be2 Bc5 10. Qb3 Qb6 11. Qxb6 Bxb6 12. O-O d4 13. exd4 Nxd4 14. Nxd4
Bxd4 15. Bf3 O-O 16. Bf4 Bc6 17. Bxc6 bxc6 18. Rac1 Rfe8 19. Rfe1 Rxe1+ 20.
Rxe1 Re8 21. Rxe8+ Nxe8 22. Nd1 Kf8 23. Kf1 Ke7 24. Ke2 Ke6 25. Kd3 Bb6 26. b4
g6 27. a4 a6 28. Bg3 f5 29. Nc3 Nf6 30. a5 Ba7 31. Kc4 g5 32. f3 Nd7 33. Bc7 h5
34. h3 Be3 35. Kd3 Bf2 36. Kc4 Be3 1/2-1/2

[Event "Untergrombach op 20th"]
[Site "Untergrombach"]
[Date "2003.01.06"]
[Round "7.13"]
[White "Haas, Stefan"]
[Black "Link, Michael"]
[Result "1-0"]
[WhiteElo "2226"]
[BlackElo "2226"]
[PlyCount "49"]
[EventDate "2003.01.02"]
[EventType "swiss"]
[EventRounds "7"]
[EventCountry "GER"]
[Source "ChessBase"]
[SourceDate "2003.03.07"]

1. d4 d5 2. c4 e6 3. Nc3 c5 4. cxd5 cxd4 5. Qxd4 Nf6 6. e4 Nc6 7. Qd1 exd5 8.
exd5 Nb4 9. Nf3 Nbxd5 10. Nxd5 Qxd5 11. Qxd5 Nxd5 12. Bb5+ Bd7 13. Bxd7+ Kxd7
14. O-O f6 15. Rd1 Ke6 16. Nd4+ Kf7 17. Ne2 Nb6 18. Be3 Be7 19. Bxb6 axb6 20.
Rd7 Rhd8 21. Rxb7 Rxa2 22. Re1 Kf8 23. Rxe7 Rxb2 24. Nf4 Rb8 25. g3 1-0

[Event "POL-chT2"]
[Site "Wysowa"]
[Date "2003.09.08"]
[Round "4"]
[White "Skalski, Michal"]
[Black "Borgula, Rafal"]
[Result "1/2-1/2"]
[WhiteElo "2270"]
[BlackElo "2270"]
[PlyCount "110"]
[EventDate "2003.09.06"]
[EventType "team"]
[EventRounds "11"]
[EventCountry "POL"]
[Source "ChessBase"]
[SourceDate "2003.10.22"]

1. d4 d5 2. c4 e6 3. Nc3 c5 4. cxd5 cxd4 5. Qa4+ Bd7 6. Qxd4 exd5 7. Nf3 Nf6 8.
Qd1 Nc6 9. e3 Bg4 10. Be2 Be7 11. O-O O-O 12. b3 a6 13. Bb2 Bd6 14. h3 Bh5 15.
Nd4 Bxe2 16. Ncxe2 Ne7 17. Qd3 Qd7 18. Rad1 Rac8 19. Nc3 Rfd8 20. Na4 Rb8 21.
Rc1 Ne4 22. Nb6 Qe8 23. Nf3 Qb5 24. Qxb5 axb5 25. Rfd1 Kf8 26. Bd4 Ba3 27. Rc7
Ke8 28. Be5 Bd6 29. Rc2 f6 30. Bd4 Kf7 31. a4 bxa4 32. bxa4 Ke6 33. Rb1 g5 34.
Rb5 h5 35. Bb2 g4 36. hxg4 hxg4 37. Nd4+ Kf7 38. Kf1 Be5 39. Ba3 Bxd4 40. exd4
Nc6 41. Nxd5 Rd7 42. Bb2 Rh8 43. Ne3 Rh1+ 44. Ke2 Nxd4+ 45. Bxd4 Rxd4 46. Rxb7+
Kg6 47. a5 Ra1 48. Nc4 Nd6 49. Nxd6 Rxd6 50. Rb6 Rd5 51. a6 Re5+ 52. Kd2 Rf5
53. Ke2 Re5+ 54. Kd2 Rf5 55. Ke2 Re5+ 1/2-1/2

[Event "BL2-Ost 0304"]
[Site "Germany"]
[Date "2004.??.??"]
[Round "?.7"]
[White "Salzmann, Peter"]
[Black "Kienast, Joerg"]
[Result "0-1"]
[WhiteElo "2240"]
[BlackElo "2235"]
[PlyCount "89"]
[EventDate "2003.10.??"]
[EventType "team"]
[EventRounds "8"]
[EventCountry "GER"]
[Source "ChessBase"]
[SourceDate "2004.07.06"]

1. c4 e6 2. Nc3 d5 3. d4 c5 4. cxd5 cxd4 5. Qxd4 Nc6 6. Qd1 exd5 7. e3 Nf6 8.
Nf3 Bd6 9. Be2 O-O 10. O-O Bg4 11. Nb5 Bb8 12. b3 a6 13. Nbd4 Qd6 14. g3 Ne4
15. Bb2 Bh3 16. Re1 Ba7 17. Nxc6 Qxc6 18. Rc1 Qe6 19. Bd4 Bb8 20. Qc2 Bd6 21.
Qb2 Qh6 22. Be5 Bc5 23. Bd4 Bd6 24. Be5 Bc5 25. Bf4 Qb6 26. Nd4 g5 27. Rxc5
Qxc5 28. Rc1 Qe7 29. Rc7 Qb4 30. Bf1 gxf4 31. Bxh3 fxe3 32. fxe3 Qe1+ 33. Kg2
Nd2 34. Rc1 Qxe3 35. Nf5 Qe2+ 36. Kh1 f6 37. Bg4 Qe4+ 38. Kg1 Nf3+ 39. Kf2 Ne5
40. Nh6+ Kh8 41. Be2 Rac8 42. Qa3 Nd3+ 43. Bxd3 Qxd3 44. Nf7+ Kg7 45. Qe7 0-1

[Event "BUL-chT"]
[Site "Plovdiv"]
[Date "2003.11.11"]
[Round "9"]
[White "Dimov, Kiril"]
[Black "Jordanov, Nikolay"]
[Result "0-1"]
[WhiteElo "2245"]
[BlackElo "2200"]
[PlyCount "76"]
[EventDate "2003.11.??"]
[EventType "swiss"]
[EventRounds "9"]
[EventCountry "BUL"]
[Source "ChessBase"]
[SourceDate "2004.11.11"]

1. d4 d5 2. c4 e6 3. Nc3 c5 4. cxd5 cxd4 5. Qxd4 Nc6 6. Qd1 exd5 7. e3 Nf6 8.
Nf3 Bd6 9. Be2 a6 10. O-O O-O 11. b3 Be6 12. Bb2 Qe7 13. Rc1 Rad8 14. Nd4 Ne5
15. Qc2 Bb8 16. Nf5 Qc7 17. Ng3 Rc8 18. Qd2 Qd6 19. Rfd1 Rfd8 20. Qd4 Nc6 21.
Qh4 h6 22. Bd3 Ne7 23. Bb1 Ng6 24. Qd4 h5 25. Nce2 Rxc1 26. Rxc1 h4 27. Nf1 h3
28. g3 Qe7 29. Nf4 Ne5 30. Nd2 Bg4 31. Nd3 Nc6 32. Qc3 d4 33. Qc5 Qxc5 34. Nxc5
dxe3 35. Nde4 e2 36. Nxf6+ gxf6 37. f3 Rd1+ 38. Kf2 e1=Q# 0-1